000 00641nam a2200193 a 4500
005 20241114063739.0
008 991125s1960 lis 000 0 por u
035 _aUPN01000012177
049 _aCG
050 4 _aLB1051
_bC7.6
245 0 2 _aA crianca portuguesa :
_bmorfología, psicología, médico-pedagogía /
_cdir. de Victor Fontes.
260 _aLisboa :
_bInstituto António Aurélio de Costa Ferreira,
_c1960.
300 _a550 p.
440 0 _aBoletim do Instuto António Aurélio da Costa Ferreira ;
_v19
650 4 _aSalud mental
_922888
650 4 _aPsicopedagogía
_95085
700 1 _aFontes, Victor,
_edir.
905 _aLibro
999 _c12177
_d12177